Quizzes
Events
Quiz Creation
Community
Videos
Private Events
Remove Ads
Sign In
Join for FREE
Feedback
Dark Mode
Quiz Categories
Sports
Geography
Music
Movies
Television
Just For Fun
Miscellaneous
History
Literature
Language
Science
Gaming
Entertainment
Religion
Holiday
For Kids
Quiz Lab
Recent
Popular Today
Quiz Kudos Today
Editor Picks
Curator Picks
Quizzes by...
Day
Popularity
Type
Ratings
Length
Year
Community
Subscriptions
Recent Discussions
Orange Saloon
Badges
Playlists
Quests
Create
Leaderboards
Showdown
Live 5
Trivia Bingo
Activity
Puzzle Library
Sporcle Events
Private Events
Virtual Trivia
Globe League
Become a Host
Pub Owners
SporcleCon
Opinionation
Our Games
Videos
Blog
Mobile Apps
Partnerships
Remove Ads and Go Orange
Feedback
Entertainment
Celebrity
Famous
Musical
Broadway
Show
Quote
Comic Books
Anime
Superhero
DC Comics
Marvel
Cartoons
Animation
Entertainment
Celebrity
Famous
Musical
Broadway
Show
Quote
Comic Books
Anime
Superhero
DC Comics
Marvel
Cartoons
Animation
Random Quiz
Search Sporcle
×
Quiz Lab
Quiz Lab
Entertainment
Award
Type in answers that appear in a list
Type in answers that appear in a list
Classic
Best Score? Go Orange.
Edinburgh Comedy Awards Stats
Can you name the winners of the Edinburgh Comedy Award?
By
edstrong
9m
40 Questions
163 Plays
163 Plays
163 Plays
Comments
Comments
Give Quiz Kudos
Give Quiz Kudos
-
- Ratings
hide this ad
Replay
Link that replays current quiz
Next Quiz
Link to next quiz in quiz playlist
You Got
0%
They Got
Avg Score
38%
Avg Friend Score
Upgrade to see
Score Distribution
Jump to the score distribution portion of the page
Score
0/40
Timer
09:00
0
Plays Today
Year
Winner
% Correct
2022
Sam Campbell: Comedy Show
88.7%
2017
Hannah Gadsby: Nanette & John Robins: The Darkness of Robins
84.8%
2019
Jordan Brookes: I've Got Nothing
77.1%
1981
Cambridge Footlights
76.5%
2018
Rose Matafeo: Horndog
72.8%
1991
Frank Skinner
67.9%
2013
Bridget Christie: A Bic for Her
64.1%
1995
Jenny Eclair: Prozac and Tantrums
61.1%
2014
John Kearns: Schtick
59.8%
2016
Richard Gadd: Monkey See, Monkey Do
59.8%
2009
Tim Key: The Slutcracker
59.3%
2012
Dr Brown: Befrdfgth
57.6%
2002
Daniel Kitson: Something
56.8%
2015
Sam Simmons: Spaghetti for Breakfast
54.3%
1992
Steve Coogan In Character with John Thomson
51.9%
1999
Al Murray: And a Glass of White Wine for the Lady
51.9%
1997
The League of Gentlemen
48.1%
2008
David O'Doherty: Let's Comedy
46.3%
1990
Sean Hughes: A One Night Stand
45.1%
2010
Russell Kane: Smokescreens and Castles
44.4%
Year
Winner
% Correct
1996
Dylan Moran is Indisposed
42.6%
2005
Laura Solon: Kopfraper's Syndrome
40.7%
2007
Brendon Burns: So I Suppose THIS is Offensive Now
40.1%
1993
Lee Evans
38.9%
1987
Brown Blues
36.4%
1988
Jeremy Hardy
34.6%
2006
Phil Nichol: The Naked Racist
34.6%
2004
Jackson's Way
33.3%
2000
Rich Hall is Otis Lee Crenshaw
32.7%
1998
Tommy Tiernan: Undivine Comedy
32.7%
2011
Bring Me the Head of Adam Riches
32.7%
2003
Demetri Martin: If I
30.2%
1982
Writer's Inc.
27.2%
1994
Lano and Woodley
26.5%
2001
Garth Marenghi's Netherhead
23.5%
1985
Theatre De Complicite: More Bigger Snacks Now
22.8%
1984
The Brass Band
19.1%
1989
Simon Fanshawe
18.5%
1983
Los Trios Ringbarkus
16%
1986
Ben Keaton: Intimate Memoirs of an Irish Taxidermist
14.2%
Quiz Playlist
Details
Report
Send in Message
Add To Playlist
Classic:
Type in answers that appear in a list
Quiz Source
Last Updated: Oct 4, 2022
Quiz Scoreboard
CHALLENGE
Sign Up to Join the Scoreboard
Show All
Scores
Hide
Comments
May contain spoilers
Recently Published
Pick 6: Fruits
by JohnFran
Miscellaneous
15s
Click the 1999 NBA Draft
by nibperrychub
Sports
2m
Alphabetical 'K' Countries by Flag Minefield
by ylime102
Geography
3m
More to Explore
Quiz From the Vault
Featured Blog Post
15 Basketball Trivia Facts You Can Be March Mad About
hide this ad
You Might Also Like...
Tags
Award
Comedy
Edinburgh
Winner
Today's Top Quizzes in Entertainment
Browse Entertainment
hide this ad
Today's Top Quizzes in Award
Browse Award
Top Contributed Quizzes in Entertainment
1
Eurovision 2023 Logic Puzzle
2
The Joker Actors by Order
3
Spider-Man Actors by Order
4
Click the Fictional Bruce
5
Click the Fictional John
6
Picture Click Blitz: Snow White
7
Marvel, Role-Playing, Shakespeare, and Cats, Oh My!
8
Click the Fictional Jane
9
Double Word Hourglass: Comic Book Publishers
10
The Incredible Hulk Actors by Order
Explore More
Trending Topics
Kpop
Marvel
Crossword
NBA
Anime
Harry Potter
Disney
Country
Song
Puzzle
NFL
WWE
Soccer
The Office
Pokémon
hide this ad
More By:
edstrong
Quiz
Plays
Rating
Category
Featured
Created
UK Snooker Championship Winners
2,366
3.69
Sports
Oct 5, 2009
Members of The Cure
233
2.33
Music
Oct 31, 2009
Edinburgh Comedy Awards
163
3.67
Entertainment
Oct 11, 2009
Find the US Landmarks on a Map
129
4.00
Geography
Nov 24, 2020
Find the Hometowns of UK Bands
50
Music
Nov 24, 2020
Go to Creator's Profile
Score Distribution
Quiz Creator Spotlight
edstrong
Follow
Send a Message
Quizzes Created
-
Created Quiz Play Count
-
More By This Creator
Popular Quizzes Today
1
Countries of Asia Without Outlines Minefield
2
Find the US States - No Outlines Minefield
3
Pick 6: Fruits
4
Alphabetical 'K' Countries by Flag Minefield
5
The Countries of the World
6
Find the US States
7
US States
8
Find the Countries of Europe - No Outlines Minefield
More Entertainment Quizzes
Comic Characters by Cover Artists Part 4 (Alan Davis)
Quiz Lab
Trending Quizzes
Pick 6: Mountains
Pick 6: Harry Potter
Pick 6: Flags
Pick 6: NFL Teams
Pick 6: Movie Franchises
Recently Updated
NWSL Teams
pecheneg
Women's Final Four Teams by Year
bhenderson79
Presidents Quartet II
eogle
Anything But Clue(do)
eogle
Anything But Oceanian Capitals
eogle
Anything But 7
eogle
Anything But Thing
eogle
Word Ladder: February 29
pecheneg
Song Title Questions
pecheneg
Women's NCAA Tournament #1 Seeds
pecheneg
Trending Topics
Crossword
Kpop
Marvel
Anime
Harry Potter
Disney
NBA
Soccer
The Office
Country
Puzzle
Pokémon
NFL
Song
WWE
Your Account Isn't Verified!
In order to create a playlist on Sporcle, you need to verify the email address you used during registration. Go to your
Sporcle Settings
to finish the process.
Report this User
Report this user for behavior that violates our
Community Guidelines
.
Details:
Send Report
Go to the Sporcle.com Mobile Site →
Comments